000 01209cpcaa2200289 a 4500
001 mm 79005430
003 DLC
005 20260227111651.0
008 790820|||||||||||| eng
010 _amm 79005430
040 _aDLC
_cDLC
_dDLC
_edacs
072 7 _aC
_2lcmd
100 1 _aMarsteller, Ferdinand.
245 0 0 _aFerdinand Marsteller papers,
_f1813-1815.
300 _a11
_fitems.
506 0 _aOpen to research.
520 8 _aMuster roll, pay rolls, receipt rolls, and abstracts of payments and settlements kept by Marsteller as paymaster of an artillery company of the District of Columbia militia, stationed at Fort Washington, Md., during the War of 1812.
545 0 _aMilitia officer.
546 _aCollection material in English.
580 _aForms part of: Miscellaneous Manuscripts collection.
610 1 0 _aDistrict of Columbia.
_bMilitia.
651 0 _aFort Washington (Md. : Fort)
_xHistory.
651 0 _aUnited States
_xHistory
_yWar of 1812.
656 7 _aMilitia officers.
_2itoamc
999 _c41894
_d41894